00461nam a2200145 a 450000100100000000500170001000800410002704000250006808200210009310000270011424500620014125000160020326000760021930000200029500002898220200930055245.0110413s1977 dr 000 e spa d aDO-SdBNPbspacBNPHU axxxbS232a, 19771 aSantana, Julio César10aAmemos nuestra patria :bensayo /cJulio César Santana. a2a ed. rev. aSan Pedro de Macorís, República Dominicana :bImp. Esfuerzo,c1977. a24 p. ;c21 cm.